|
|
|
|
| LEADER |
00000naa0a2200000 4500 |
| 001 |
594157 |
| 005 |
20250203134356.0 |
| 035 |
|
|
|a (RuTPU)RU\TPU\tpu\8545
|
| 035 |
|
|
|a RU\TPU\tpu\8544
|
| 090 |
|
|
|a 594157
|
| 100 |
|
|
|a 20020514d1985 k y0rusy50 ca
|
| 101 |
0 |
|
|a rus
|
| 102 |
|
|
|a RU
|
| 200 |
1 |
|
|a Взаимосвязь спектральных и реакционной активности пара-замещенных фенолов
|f С. Г. Горбачев [и др.]
|
| 300 |
|
|
|a Деп. в ОНИИТЭХим г. Черкассы 13.01.86, 60-ХП.
|
| 333 |
|
|
|a В фонде НТБ ТПУ отсутствует
|
| 463 |
|
|
|t Материалы научно-практической конференции, посвященной 85-летию химико-технологического факультета Томского политехнического института (Томск, 21-22 мая 1985 г.)
|o секция органической химии и технологического органического синтеза
|v С. 56-59
|d 1985
|
| 610 |
1 |
|
|a труды учёных ТПУ
|
| 701 |
|
1 |
|a Горбачев
|b С. Г.
|c кандидат химических наук
|f 1952-
|g Сергей Григорьевич
|3 (RuTPU)RU\TPU\pers\3418
|4 070
|
| 701 |
|
1 |
|a Тихова
|b О. А.
|f 1955-
|g Ольга Александровна
|3 (RuTPU)RU\TPU\pers\3419
|4 070
|
| 701 |
|
1 |
|a Степанов
|b Н. В.
|c ФТФ
|f 1955-
|g Николай Васильевич
|3 (RuTPU)RU\TPU\pers\3420
|4 070
|
| 701 |
|
1 |
|a Филимонов
|b В. Д.
|c химик
|c профессор Томского политехнического университета, доктор химических наук
|f 1945-
|g Виктор Дмитриевич
|3 (RuTPU)RU\TPU\pers\12908
|4 070
|9 3693
|
| 801 |
|
2 |
|a RU
|b 63413507
|c 20100813
|g PSBO
|
| 942 |
|
|
|c BK
|